[Event "Manitoba op"]
[Site "Winnipeg CAN"]
[Date "2000.05.20"]
[Round "2"]
[White "Lipnowski, Irwin"]
[Black "Moffat, Ron"]
[Result "1-0"]
[WhiteElo "2361"]
[BlackElo "1724"]
[PlyCount "57"]
[GameId "2160767911711802"]
[EventDate "2000.05.20"]
[EventType "swiss"]
[EventRounds "6"]
[EventCountry "CAN"]
[SourceTitle "EXT 2005"]
[Source "ChessBase"]
[SourceDate "2004.11.15"]
[SourceVersion "1"]
[SourceVersionDate "2004.11.15"]
[SourceQuality "1"]

1. e4 c5 2. Nf3 e6 3. d4 cxd4 4. Nxd4 a6 5. Bd3 Nc6 6. Nxc6 dxc6 7. O-O e5 8. Nd2 Nf6 9. Nc4 Qc7 10. Qf3 Bg4 11. Qg3 Bd6 12. f3 Bc5+ 13. Kh1 h5 14. fxg4 Nxg4 15. Ne3 O-O-O 16. Nxg4 hxg4 17. Qxg4+ Kb8 18. Qf3 Qe7 19. Be3 Rxh2+ 20. Kxh2 Rh8+ 21. Kg1 Bxe3+ 22. Qxe3 Qh4 23. Qh3 Qd8 24. Qg3 Qd4+ 25. Qf2 Qd8 26. Qxf7 Qh4 27. Qxg7 Qh2+ 28. Kf2 Rh4 29. Ke2 1-0

[Event "Manitoba op"]
[Site "Winnipeg CAN"]
[Date "2000.05.20"]
[Round "2"]
[White "Lipnowski, Samuel"]
[Black "Milord, Frank"]
[Result "1-0"]
[WhiteElo "2027"]
[BlackElo "1788"]
[PlyCount "53"]
[GameId "2160767911711803"]
[EventDate "2000.05.20"]
[EventType "swiss"]
[EventRounds "6"]
[EventCountry "CAN"]
[SourceTitle "EXT 2005"]
[Source "ChessBase"]
[SourceDate "2004.11.15"]
[SourceVersion "1"]
[SourceVersionDate "2004.11.15"]
[SourceQuality "1"]

1. c4 c5 2. g3 g6 3. Bg2 Nc6 4. Nc3 Bg7 5. e3 b6 6. Nge2 Bb7 7. O-O e6 8. d4 cxd4 9. Nxd4 Nge7 10. Ncb5 d5 11. cxd5 Nxd5 12. Nxc6 Bxc6 13. Nd4 Qd7 14. Nxc6 Qxc6 15. Qb3 O-O 16. Bd2 Rac8 17. Rac1 Qd7 18. Rfd1 Rfd8 19. Rxc8 Qxc8 20. Rc1 Qd7 21. e4 Nf6 22. Bg5 h6 23. Bf4 g5 24. Be5 Ne8 25. Bxg7 Nxg7 26. Bf3 Qd3 27. Rd1 1-0

[Event "Manitoba op"]
[Site "Winnipeg CAN"]
[Date "2000.05.20"]
[Round "2"]
[White "Proulx, Roy"]
[Black "Kaptsan, Aron"]
[Result "0-1"]
[WhiteElo "1718"]
[BlackElo "2090"]
[PlyCount "74"]
[GameId "2160767911711804"]
[EventDate "2000.05.20"]
[EventType "swiss"]
[EventRounds "6"]
[EventCountry "CAN"]
[SourceTitle "EXT 2005"]
[Source "ChessBase"]
[SourceDate "2004.11.15"]
[SourceVersion "1"]
[SourceVersionDate "2004.11.15"]
[SourceQuality "1"]

1. e4 c5 2. Nc3 Nc6 3. g3 g6 4. Bg2 Bg7 5. d3 e6 6. f4 Nge7 7. Nf3 d6 8. O-O O-O 9. h3 b6 10. Ne2 d5 11. g4 f5 12. e5 d4 13. Ng3 h6 14. Kh2 Kh7 15. g5 h5 16. Nh4 Rh8 17. Bf3 Bd7 18. Rg1 Be8 19. Bd2 Qc7 20. Qe2 Kg8 21. Qg2 Rd8 22. a3 Nd5 23. Rab1 Nce7 24. Nf1 Bc6 25. Qe2 Qd7 26. Ng3 Nc7 27. Bxh5 Qe8 28. Nxg6 Nxg6 29. Rbf1 Nd5 30. Rf2 Kf7 31. Re1 Ke7 32. b4 Rh7 33. Qf1 Qf7 34. bxc5 bxc5 35. Ba5 Rdh8 36. Bf3 Ngxf4 37. Bg4 fxg4 0-1

[Event "Manitoba op"]
[Site "Winnipeg CAN"]
[Date "2000.05.20"]
[Round "2"]
[White "Sadov, Sergey"]
[Black "Khedkar, Jay S"]
[Result "1-0"]
[WhiteElo "2070"]
[BlackElo "1939"]
[PlyCount "53"]
[GameId "2160767911711805"]
[EventDate "2000.05.20"]
[EventType "swiss"]
[EventRounds "6"]
[EventCountry "CAN"]
[SourceTitle "EXT 2005"]
[Source "ChessBase"]
[SourceDate "2004.11.15"]
[SourceVersion "1"]
[SourceVersionDate "2004.11.15"]
[SourceQuality "1"]

1. d4 d5 2. c4 e6 3. Nc3 Nf6 4. cxd5 exd5 5. Bg5 Be7 6. e3 c6 7. Qc2 O-O 8. Bd3 Nbd7 9. Nge2 Re8 10. O-O Ne4 11. Bf4 Nxc3 12. Bxh7+ Kh8 13. Nxc3 g6 14. Bxg6 fxg6 15. Qxg6 Bf6 16. e4 Re7 17. e5 Rg7 18. Qh5+ Rh7 19. Qf5 Bg7 20. Qd3 Qh4 21. Bg3 Qg4 22. h3 Qh5 23. f4 Nf8 24. f5 Bh6 25. Rae1 Rg7 26. e6 Re7 27. Be5+ 1-0

[Event "Manitoba op"]
[Site "Winnipeg CAN"]
[Date "2000.05.20"]
[Round "2"]
[White "Schulz, Waldemar"]
[Black "Gentes, Kevin"]
[Result "0-1"]
[WhiteElo "2042"]
[BlackElo "2330"]
[PlyCount "74"]
[GameId "2160767911711806"]
[EventDate "2000.05.20"]
[EventType "swiss"]
[EventRounds "6"]
[EventCountry "CAN"]
[SourceTitle "EXT 2005"]
[Source "ChessBase"]
[SourceDate "2004.11.15"]
[SourceVersion "1"]
[SourceVersionDate "2004.11.15"]
[SourceQuality "1"]

1. Nf3 Nf6 2. c4 e6 3. g3 c5 4. Bg2 Nc6 5. O-O d5 6. d4 Be7 7. Nc3 O-O 8. Bg5 cxd4 9. Nxd4 h6 10. Be3 Re8 11. Qd2 Ne5 12. cxd5 Nc4 13. Qd3 Nxe3 14. Qxe3 exd5 15. Rad1 Bg4 16. Qd3 Bb4 17. Bf3 Bh3 18. Bg2 Bg4 19. Bf3 Bxf3 20. Qxf3 Rc8 21. Rd3 Ne4 22. Ndb5 Bxc3 23. Nxc3 Qb6 24. Rxd5 Ng5 25. Rxg5 hxg5 26. Ne4 Qg6 27. Nc3 Qc2 28. Qxb7 Rb8 29. Qxa7 Rxb2 30. Qd7 Rbb8 31. Qd4 Rbc8 32. Nd5 Qxe2 33. Ne3 Rcd8 34. Qa4 Rxe3 35. fxe3 Rd2 36. Qe8+ Kh7 37. Qe4+ Kh6 0-1

[Event "Manitoba op"]
[Site "Winnipeg CAN"]
[Date "2000.05.20"]
[Round "2"]
[White "Walker, Erin"]
[Black "Federkevic, Danny"]
[Result "1-0"]
[WhiteElo "1744"]
[BlackElo "2002"]
[PlyCount "83"]
[GameId "2160767911711807"]
[EventDate "2000.05.20"]
[EventType "swiss"]
[EventRounds "6"]
[EventCountry "CAN"]

1. e4 e5 2. Nf3 Nc6 3. Bc4 Bc5 4. d3 d6 5. Bg5 f6 6. Be3 Bg4 7. c3 Nge7 8. Nbd2 Na5 9. Bb3 Nxb3 10. Qxb3 Bb6 11. O-O Qd7 12. Bxb6 axb6 13. d4 Be6 14. d5 Bf7 15. c4 h6 16. Qc3 Ng6 17. h3 Nf4 18. Kh2 g5 19. Ng1 O-O-O 20. a4 Rdg8 21. g3 Ng6 22. a5 f5 23. axb6 cxb6 24. b4 Kc7 25. c5 Rc8 26. cxd6+ Kd8 27. Qd3 Qxd6 28. exf5 Ne7 29. Nc4 Qxb4 30. Nxe5 Rc3 31. Nxf7+ Ke8 32. Qe2 Kxf7 33. Qe6+ Kf8 34. Qf6+ Kg8 35. Ra8+ Nc8 36. Qe6+ Kf8 37. Rxc8+ Rxc8 38. Qxc8+ Kg7 39. Qxb7+ Kf6 40. Qd7 Qc4 41. Re1 Qc8 42. Re6+ 1-0

[Event "Manitoba op"]
[Site "Winnipeg CAN"]
[Date "2000.05.21"]
[Round "2"]
[White "Gannon, Keith"]
[Black "Gibson, Kris"]
[Result "1/2-1/2"]
[WhiteElo "1594"]
[BlackElo "1816"]
[PlyCount "154"]
[GameId "2160767911711808"]
[EventDate "2000.05.20"]
[EventType "swiss"]
[EventRounds "6"]
[EventCountry "CAN"]
[SourceTitle "EXT 2005"]
[Source "ChessBase"]
[SourceDate "2004.11.15"]
[SourceVersion "1"]
[SourceVersionDate "2004.11.15"]
[SourceQuality "1"]

1. Nf3 c5 2. b3 d5 3. e3 Nc6 4. Bb2 Bg4 5. Be2 Bxf3 6. Bxf3 e5 7. d3 Nf6 8. O-O Bd6 9. Nc3 d4 10. exd4 cxd4 11. Ne4 Nxe4 12. Bxe4 Rc8 13. a3 O-O 14. Bf5 Rc7 15. Re1 Qg5 16. Be4 Ne7 17. Bc1 Qf6 18. b4 Ng6 19. Bd2 Rfc8 20. Rc1 Qe6 21. g3 f5 22. Bg2 Qf7 23. Re2 Qa2 24. Bh3 Qf7 25. Be1 Rf8 26. c4 b6 27. Bg2 Ne7 28. Rec2 Rfc8 29. Bd2 f4 30. g4 Qf6 31. h3 Ng6 32. Bd5+ Kh8 33. f3 Nh4 34. Be1 Ng6 35. Be4 Ne7 36. h4 Qe6 37. Rh2 h5 38. g5 g6 39. Qe2 Nf5 40. Bxf5 gxf5 41. Rd1 Re8 42. Rg2 Qg6 43. Qb2 Kh7 44. b5 e4 45. fxe4 fxe4 46. dxe4 f3 47. Rgd2 Qxe4 48. Qc2 Rxc4 49. Qxc4 Qg4+ 50. Kh1 Qh3+ 51. Kg1 Rf8 52. Qd3+ Rf5 53. a4 Bf4 54. Qxd4 f2+ 55. Rxf2 Bh2+ 56. Kh1 Be5+ 57. Kg1 Bxd4 58. Rxd4 Rxf2 59. Bxf2 Qe6 60. Kg2 Qc8 61. Kf1 Qc1+ 62. Kg2 Qc8 63. Kf1 Kg7 64. Kg2 Qe6 65. Kg1 Qh3 66. Rc4 Kf8 67. Rf4+ Ke7 68. g6 Qc3 69. Rf7+ Ke6 70. Rxa7 Qf3 71. g7 Qg4+ 72. Kf1 Qd1+ 73. Kg2 Qg4+ 74. Kf1 Qd1+ 75. Kg2 Qg4+ 76. Kf1 Qd1+ 77. Kg2 Qg4+ 1/2-1/2

[Event "Manitoba op"]
[Site "Winnipeg CAN"]
[Date "2000.05.21"]
[Round "3"]
[White "Gentes, Kevin"]
[Black "Sadov, Sergey"]
[Result "1-0"]
[WhiteElo "2330"]
[BlackElo "2070"]
[PlyCount "123"]
[GameId "2160767911711809"]
[EventDate "2000.05.20"]
[EventType "swiss"]
[EventRounds "6"]
[EventCountry "CAN"]
[SourceTitle "EXT 2005"]
[Source "ChessBase"]
[SourceDate "2004.11.15"]
[SourceVersion "1"]
[SourceVersionDate "2004.11.15"]
[SourceQuality "1"]

1. d4 Nf6 2. c4 e6 3. g3 d5 4. Bg2 Be7 5. Nf3 O-O 6. O-O dxc4 7. Qc2 a6 8. a4 Nc6 9. Qxc4 Bd7 10. a5 Qc8 11. Bg5 Ne4 12. Bxe7 Nxe7 13. Ne5 Bb5 14. Qc2 Nd6 15. Rc1 Qd8 16. Nc3 Rb8 17. e3 Be8 18. Ne2 Nb5 19. Nf4 g5 20. Nfd3 f6 21. Nc4 Bg6 22. Qe2 e5 23. Nc5 exd4 24. Ne6 Qe8 25. Nxf8 Kxf8 26. e4 Nc6 27. f4 h6 28. Rf1 Kg7 29. Qf2 Qe6 30. b3 Qe7 31. e5 f5 32. Rae1 g4 33. Bxc6 bxc6 34. e6 Rd8 35. Ne5 Be8 36. Qc2 Qf6 37. Nxc6 d3 38. Qc5 d2 39. Rd1 Bxc6 40. Qxc6 Rd6 41. Qc4 Qd4+ 42. Qxd4+ Nxd4 43. Rxd2 Nf3+ 44. Rxf3 Rxd2 45. Rc3 Kf6 46. Rxc7 Kxe6 47. Rc6+ Kd5 48. Rxa6 Rb2 49. Rb6 Ke4 50. Re6+ Kf3 51. Re1 Rxb3 52. Ra1 Rb7 53. a6 Ra7 54. Ra3+ Ke4 55. Kf2 Kd5 56. Ke3 Kc4 57. Ra5 Re7+ 58. Re5 Ra7 59. Rxf5 Rxa6 60. Ke4 h5 61. Rxh5 Re6+ 62. Kf5 1-0

[Event "Manitoba op"]
[Site "Winnipeg CAN"]
[Date "2000.05.21"]
[Round "3"]
[White "Khedkar, Jay S"]
[Black "Trueman, Francis"]
[Result "1-0"]
[WhiteElo "1939"]
[BlackElo "1496"]
[PlyCount "41"]
[GameId "2160767911711810"]
[EventDate "2000.05.20"]
[EventType "swiss"]
[EventRounds "6"]
[EventCountry "CAN"]
[SourceTitle "EXT 2005"]
[Source "ChessBase"]
[SourceDate "2004.11.15"]
[SourceVersion "1"]
[SourceVersionDate "2004.11.15"]
[SourceQuality "1"]

1. e4 c6 2. d4 d5 3. Nc3 dxe4 4. Nxe4 Nd7 5. Nf3 Ndf6 6. Ng3 e6 7. Bc4 Bd6 8. Qe2 Ne7 9. Bg5 Ned5 10. Ne5 Qb6 11. O-O-O O-O 12. Bb3 c5 13. Nc4 Qc7 14. Nxd6 Qxd6 15. c4 Ne7 16. Qf3 cxd4 17. Bxf6 gxf6 18. Qxf6 d3 19. Nh5 Nf5 20. g4 Rd8 21. gxf5 1-0

[Event "Manitoba op"]
[Site "Winnipeg CAN"]
[Date "2000.05.21"]
[Round "3"]
[White "Lafreniere, Adrian"]
[Black "Gibbons, Michael"]
[Result "0-1"]
[WhiteElo "1681"]
[BlackElo "2096"]
[PlyCount "58"]
[GameId "2160767911711811"]
[EventDate "2000.05.20"]
[EventType "swiss"]
[EventRounds "6"]
[EventCountry "CAN"]
[SourceTitle "EXT 2005"]
[Source "ChessBase"]
[SourceDate "2004.11.15"]
[SourceVersion "1"]
[SourceVersionDate "2004.11.15"]
[SourceQuality "1"]

1. e4 c5 2. Nf3 Nc6 3. d4 cxd4 4. Nxd4 Nf6 5. Nc3 e6 6. Be3 d6 7. Bb5 Bd7 8. O-O Be7 9. f4 a6 10. Bd3 O-O 11. a3 Qc7 12. g4 Nxd4 13. Bxd4 e5 14. fxe5 dxe5 15. Be3 Nxg4 16. Qe1 Nxe3 17. Rf3 Ng4 18. Kh1 Nf6 19. Qg3 Nh5 20. Qf2 Qc5 21. Qg2 Nf4 22. Rxf4 exf4 23. Rg1 g6 24. Nd5 Bc6 25. Nxf4 Bd6 26. Nd5 Bxd5 27. exd5 Be5 28. c3 Rad8 29. Be4 Qe3 0-1

[Event "Manitoba op"]
[Site "Winnipeg CAN"]
[Date "2000.05.21"]
[Round "3"]
[White "Mundwiler, Les"]
[Black "Proulx, Roy"]
[Result "1-0"]
[WhiteElo "2060"]
[BlackElo "1718"]
[PlyCount "71"]
[GameId "2160767911711812"]
[EventDate "2000.05.20"]
[EventType "swiss"]
[EventRounds "6"]
[EventCountry "CAN"]
[SourceTitle "EXT 2005"]
[Source "ChessBase"]
[SourceDate "2004.11.15"]
[SourceVersion "1"]
[SourceVersionDate "2004.11.15"]
[SourceQuality "1"]

1. d4 Nf6 2. c4 e6 3. Nf3 b6 4. Qc2 Bb7 5. Nc3 Bb4 6. e3 d6 7. a3 Bxc3+ 8. Qxc3 Ne4 9. Qc2 O-O 10. b3 Qe7 11. Bb2 Nd7 12. O-O-O c5 13. d5 exd5 14. cxd5 g6 15. h4 Rac8 16. Ng5 Nxg5 17. hxg5 Qxg5 18. Qc3 f6 19. Rh3 Qe5 20. Qc2 Qe7 21. f4 f5 22. Be2 Nf6 23. Bf3 Qxe3+ 24. Kb1 Qxf4 25. Qc3 Rce8 26. Re1 Rxe1+ 27. Qxe1 Re8 28. Qh1 Qd2 29. Ka2 Re1 30. Qh2 Rf1 31. Qxd6 Rf2 32. Qd8+ Kf7 33. Qxf6+ Ke8 34. Rxh7 Qxb2+ 35. Qxb2 Rxb2+ 36. Kxb2 1-0

[Event "Manitoba op"]
[Site "Winnipeg CAN"]
[Date "2000.05.21"]
[Round "3"]
[White "Plocek, Jaroslav"]
[Black "Kaptsan, Aron"]
[Result "0-1"]
[WhiteElo "1719"]
[BlackElo "2090"]
[PlyCount "70"]
[GameId "2160767911711813"]
[EventDate "2000.05.20"]
[EventType "swiss"]
[EventRounds "6"]
[EventCountry "CAN"]
[SourceTitle "EXT 2005"]
[Source "ChessBase"]
[SourceDate "2004.11.15"]
[SourceVersion "1"]
[SourceVersionDate "2004.11.15"]
[SourceQuality "1"]

1. e4 c5 2. Nf3 d6 3. c3 Nf6 4. Qc2 Bg4 5. Be2 Nc6 6. d3 e5 7. Bg5 Be7 8. Nbd2 O-O 9. h3 Be6 10. Nh4 h6 11. Bxf6 Bxf6 12. Nf5 Kh7 13. g4 g6 14. Ng3 Bg5 15. O-O-O b5 16. Kb1 b4 17. c4 Nd4 18. Qc1 Bf4 19. Rde1 Qh4 20. Qd1 Bxg3 21. fxg3 Qxg3 22. Reg1 Qe3 23. Re1 Nxe2 24. Qxe2 Qxe2 25. Rxe2 f5 26. gxf5 gxf5 27. Rg2 f4 28. Nf3 Rg8 29. Rxg8 Rxg8 30. h4 Rg3 31. Ne1 Rh3 32. Rxh3 Bxh3 33. Kc2 Kg6 34. Kd2 Kh5 35. Nf3 Bg4 0-1

[Event "Manitoba op"]
[Site "Winnipeg CAN"]
[Date "2000.05.21"]
[Round "3"]
[White "Sitter, Wayne"]
[Black "Schulz, Waldemar"]
[Result "0-1"]
[WhiteElo "1612"]
[BlackElo "2042"]
[PlyCount "62"]
[GameId "2160767911711814"]
[EventDate "2000.05.20"]
[EventType "swiss"]
[EventRounds "6"]
[EventCountry "CAN"]
[SourceTitle "EXT 2005"]
[Source "ChessBase"]
[SourceDate "2004.11.15"]
[SourceVersion "1"]
[SourceVersionDate "2004.11.15"]
[SourceQuality "1"]

1. d4 Nf6 2. c4 g6 3. Nf3 Bg7 4. Nc3 d5 5. Qc2 O-O 6. cxd5 Nxd5 7. Nxd5 Qxd5 8. e4 Qc6 9. Bd3 Qxc2 10. Bxc2 Nc6 11. Be3 Nb4 12. Bb3 c5 13. a3 Nc6 14. Rd1 Bg4 15. dxc5 Bxb2 16. O-O Bxa3 17. Bh6 Bxf3 18. gxf3 Rfd8 19. Be3 a5 20. Bd5 Kf8 21. Bxc6 bxc6 22. Rxd8+ Rxd8 23. Rb1 Bb4 24. Ra1 Rd3 25. Ra4 Rc3 26. Bd2 Rxf3 27. Bxb4 axb4 28. Rxb4 Rc3 29. Kf1 Rxc5 30. Ke1 Ke8 31. Kd2 Rh5 0-1

[Event "Manitoba op"]
[Site "Winnipeg CAN"]
[Date "2000.05.21"]
[Round "3"]
[White "Walker, Sean"]
[Black "Lipnowski, Irwin"]
[Result "0-1"]
[WhiteElo "1499"]
[BlackElo "2361"]
[PlyCount "58"]
[GameId "2160767911711815"]
[EventDate "2000.05.20"]
[EventType "swiss"]
[EventRounds "6"]
[EventCountry "CAN"]
[SourceTitle "EXT 2005"]
[Source "ChessBase"]
[SourceDate "2004.11.15"]
[SourceVersion "1"]
[SourceVersionDate "2004.11.15"]
[SourceQuality "1"]

1. e4 c5 2. Nf3 e6 3. d4 cxd4 4. Nxd4 Nf6 5. Bd3 Nc6 6. Nf3 Be7 7. Nc3 d6 8. O-O O-O 9. Re1 b6 10. e5 dxe5 11. Nxe5 Bb7 12. Bf4 Nb4 13. Re3 Nxd3 14. Rxd3 Qc8 15. Rg3 Rd8 16. Qe2 Kf8 17. Rh3 Rd4 18. Be3 Rb4 19. Rxh7 Nxh7 20. Qh5 Qe8 21. Qxh7 Bf6 22. f4 Bxe5 23. fxe5 Rg4 24. g3 Qc6 25. Qh3 Qh1+ 26. Kf2 Qf3+ 27. Kg1 Qxe3+ 28. Kf1 Rf4+ 29. gxf4 Qxh3+ 0-1

[Event "Manitoba op"]
[Site "Winnipeg CAN"]
[Date "2000.05.21"]
[Round "4"]
[White "Federkevic, Danny"]
[Black "Walker, Sean"]
[Result "1-0"]
[WhiteElo "2002"]
[BlackElo "1499"]
[PlyCount "71"]
[GameId "2160767911711816"]
[EventDate "2000.05.20"]
[EventType "swiss"]
[EventRounds "6"]
[EventCountry "CAN"]

1. e4 e5 2. Nf3 Nc6 3. Bb5 d6 4. O-O Bd7 5. c3 Nf6 6. Re1 a6 7. Ba4 Be7 8. d4 O-O 9. h3 Re8 10. Nbd2 Bf8 11. Bc2 exd4 12. cxd4 d5 13. e5 Nh5 14. Nf1 g6 15. Ne3 Be6 16. Ng4 Bg7 17. Nh6+ Bxh6 18. Bxh6 Ng7 19. Bg5 Qd7 20. Qd2 Nh5 21. Kh2 Ne7 22. Bf6 Rac8 23. Qh6 Nf5 24. Bxf5 Bxf5 25. Ng5 Nxf6 26. exf6 Qd6+ 27. Re5 Qxf6 28. Qxh7+ Kf8 29. Rae1 Bd7 30. Qh4 Qg7 31. Nh7+ Kg8 32. Nf6+ Kf8 33. Nxd7+ Kg8 34. Nf6+ Qxf6 35. Qxf6 Rf8 36. R1e3 1-0

[Event "Manitoba op"]
[Site "Winnipeg CAN"]
[Date "2000.05.21"]
[Round "4"]
[White "Gibbons, Michael"]
[Black "Gentes, Kevin"]
[Result "0-1"]
[WhiteElo "2096"]
[BlackElo "2330"]
[PlyCount "100"]
[GameId "2160767911711817"]
[EventDate "2000.05.20"]
[EventType "swiss"]
[EventRounds "6"]
[EventCountry "CAN"]
[SourceTitle "EXT 2005"]
[Source "ChessBase"]
[SourceDate "2004.11.15"]
[SourceVersion "1"]
[SourceVersionDate "2004.11.15"]
[SourceQuality "1"]

1. Nf3 Nf6 2. g3 c5 3. Bg2 Nc6 4. O-O e5 5. d3 d5 6. Nbd2 Be7 7. e4 O-O 8. Re1 d4 9. Nc4 Nd7 10. Bh3 Qc7 11. a4 Nb6 12. Bxc8 Raxc8 13. Nfd2 Nd7 14. Rf1 g6 15. f4 exf4 16. gxf4 f5 17. e5 Rfd8 18. Nf3 Nf8 19. h4 Ne6 20. Qe2 Na5 21. Nxa5 Qxa5 22. Bd2 Qc7 23. Qh2 h5 24. b3 b6 25. Qg3 Kh7 26. Rf2 a6 27. Rg2 Rg8 28. Kh2 Qc6 29. Rgg1 Rc7 30. Ra2 b5 31. Rga1 c4 32. axb5 axb5 33. Ra6 Qd7 34. bxc4 bxc4 35. Kh3 cxd3 36. cxd3 Nc5 37. e6 Qd5 38. R1a5 Qb7 39. Ra7 Qxa7 40. Rxa7 Rxa7 41. Nxd4 Ra3 42. Nf3 Rxd3 43. Kg2 Rb8 44. Qf2 Rb2 45. Qe2 Rdxd2 46. Nxd2 Ne4 47. Qa6 Rxd2+ 48. Kf1 Rd1+ 49. Ke2 Rd6 50. Qc4 Nc5 0-1

[Event "Manitoba op"]
[Site "Winnipeg CAN"]
[Date "2000.05.21"]
[Round "4"]
[White "Kaptsan, Aron"]
[Black "Lipnowski, Samuel"]
[Result "1-0"]
[WhiteElo "2090"]
[BlackElo "2027"]
[PlyCount "96"]
[GameId "2160767911711818"]
[EventDate "2000.05.20"]
[EventType "swiss"]
[EventRounds "6"]
[EventCountry "CAN"]
[SourceTitle "EXT 2005"]
[Source "ChessBase"]
[SourceDate "2004.11.15"]
[SourceVersion "1"]
[SourceVersionDate "2004.11.15"]
[SourceQuality "1"]

1. d4 Nf6 2. c4 c5 3. d5 b5 4. cxb5 a6 5. bxa6 Bxa6 6. b3 d6 7. Bb2 g6 8. g3 Bg7 9. Bg2 O-O 10. Nf3 Nbd7 11. O-O Qb6 12. Bc3 Rfb8 13. Re1 Ne4 14. Bxg7 Kxg7 15. Nfd2 Nef6 16. Nc3 Ne5 17. h3 h5 18. Nde4 Nxe4 19. Nxe4 Qa7 20. Qd2 Rb4 21. Qc3 Kg8 22. f4 Nd7 23. Kh2 Rab8 24. Nd2 h4 25. e3 hxg3+ 26. Kxg3 Nf6 27. Bf3 Bb7 28. a3 Rb6 29. e4 Ne8 30. h4 Nc7 31. a4 Rb4 32. h5 Rd4 33. hxg6 fxg6 34. f5 Kg7 35. Qe3 Bxd5 36. exd5 Nxd5 37. Bxd5 Rxd5 38. Qg5 Rd3+ 39. Nf3 Rxf3+ 40. Kxf3 Rxb3+ 41. Re3 Qb7+ 42. Kg3 Rxe3+ 43. Qxe3 gxf5 44. Qg5+ Kh8 45. Qxf5 Qb3+ 46. Qf3 Qb8 47. Qh5+ Kg7 48. Qg5+ Kf7 1-0

[Event "Manitoba op"]
[Site "Winnipeg CAN"]
[Date "2000.05.21"]
[Round "4"]
[White "Khedkar, Jay S"]
[Black "Mundwiler, Les"]
[Result "1/2-1/2"]
[WhiteElo "2070"]
[BlackElo "1724"]
[PlyCount "54"]
[GameId "2160767911711819"]
[EventDate "2000.05.20"]
[EventType "swiss"]
[EventRounds "6"]
[EventCountry "CAN"]
[SourceTitle "EXT 2005"]
[Source "ChessBase"]
[SourceDate "2004.11.15"]
[SourceVersion "1"]
[SourceVersionDate "2004.11.15"]
[SourceQuality "1"]

1. e4 e5 2. Nf3 Nc6 3. Bb5 a6 4. Ba4 Nf6 5. O-O Be7 6. Re1 b5 7. Bb3 O-O 8. a4 b4 9. d4 d6 10. h3 Nxd4 11. Nxd4 exd4 12. Qxd4 c5 13. Qd1 Bb7 14. Nd2 Re8 15. f3 Qc7 16. Nc4 d5 17. exd5 Bxd5 18. Bg5 Bxc4 19. Bxc4 Qg3 20. Qd2 Bd6 21. Rxe8+ Rxe8 22. f4 h6 23. Qxd6 hxg5 24. Rf1 g4 25. Qd3 Re3 26. Qd8+ Re8 27. Qd3 Re3 1/2-1/2

[Event "Manitoba op"]
[Site "Winnipeg CAN"]
[Date "2000.05.21"]
[Round "4"]
[White "Lipnowski, Irwin"]
[Black "Walker, Erin"]
[Result "1-0"]
[WhiteElo "2361"]
[BlackElo "1744"]
[PlyCount "67"]
[GameId "2160767911711820"]
[EventDate "2000.05.20"]
[EventType "swiss"]
[EventRounds "6"]
[EventCountry "CAN"]
[SourceTitle "EXT 2005"]
[Source "ChessBase"]
[SourceDate "2004.11.15"]
[SourceVersion "1"]
[SourceVersionDate "2004.11.15"]
[SourceQuality "1"]

1. d4 d5 2. c4 e6 3. Nc3 Nf6 4. Bg5 Be7 5. cxd5 exd5 6. e3 Bf5 7. Qb3 b6 8. Bxf6 Bxf6 9. Qxd5 Qxd5 10. Nxd5 Bd8 11. Rc1 c6 12. Nc3 O-O 13. Nf3 Nd7 14. Be2 Bf6 15. O-O c5 16. Rfd1 Rad8 17. Nd5 Be6 18. Nxf6+ Nxf6 19. dxc5 bxc5 20. Rxc5 Bxa2 21. Rxd8 Rxd8 22. Ra5 Bc4 23. Bxc4 Rd1+ 24. Bf1 Rb1 25. Rxa7 h6 26. Rb7 Ne4 27. Rb4 f5 28. h3 h5 29. g4 hxg4 30. hxg4 fxg4 31. Rxe4 gxf3 32. b4 Kh7 33. Rh4+ Kg6 34. b5 1-0

[Event "Manitoba op"]
[Site "Winnipeg CAN"]
[Date "2000.05.21"]
[Round "4"]
[White "Sadov, Sergey"]
[Black "Moffat, Ron"]
[Result "1-0"]
[WhiteElo "2070"]
[BlackElo "1724"]
[PlyCount "51"]
[GameId "2160767911711821"]
[EventDate "2000.05.20"]
[EventType "swiss"]
[EventRounds "6"]
[EventCountry "CAN"]
[SourceTitle "EXT 2005"]
[Source "ChessBase"]
[SourceDate "2004.11.15"]
[SourceVersion "1"]
[SourceVersionDate "2004.11.15"]
[SourceQuality "1"]

1. d4 d5 2. c4 e6 3. Nc3 Nf6 4. cxd5 exd5 5. Bg5 Be7 6. Qc2 c6 7. e3 Nbd7 8. Bd3 h6 9. Bh4 O-O 10. Nf3 Re8 11. O-O Ne4 12. Bxe7 Qxe7 13. b4 Ng5 14. Nxg5 Qxg5 15. e4 dxe4 16. Nxe4 Qd5 17. Rad1 a5 18. b5 cxb5 19. Nc3 Qg5 20. Nxb5 Nf6 21. f4 Qh5 22. Nc7 Ng4 23. g3 Ne3 24. Rde1 Bh3 25. Nxa8 Bxf1 26. Rxe3 1-0

[Event "Manitoba op"]
[Site "Winnipeg CAN"]
[Date "2000.05.21"]
[Round "4"]
[White "Schulz, Waldemar"]
[Black "Lafreniere, Adrian"]
[Result "1/2-1/2"]
[WhiteElo "2042"]
[BlackElo "1681"]
[PlyCount "175"]
[GameId "2160767911711822"]
[EventDate "2000.05.20"]
[EventType "swiss"]
[EventRounds "6"]
[EventCountry "CAN"]
[SourceTitle "EXT 2005"]
[Source "ChessBase"]
[SourceDate "2004.11.15"]
[SourceVersion "1"]
[SourceVersionDate "2004.11.15"]
[SourceQuality "1"]

1. Nf3 c5 2. g3 d5 3. Bg2 Nc6 4. d4 e6 5. O-O Nf6 6. c4 Be7 7. Nc3 O-O 8. Bg5 dxc4 9. dxc5 Qa5 10. Nd4 Qxc5 11. Nxc6 bxc6 12. Be3 Qd6 13. Qxd6 Bxd6 14. Bxc6 Rb8 15. Nb5 Be5 16. Bxa7 Ba6 17. Bxb8 Rxb8 18. a4 Rb6 19. Bf3 g6 20. Rac1 Bxb5 21. axb5 Rxb5 22. Rxc4 Rxb2 23. Rd1 Kg7 24. Rd8 Bb8 25. Rcc8 Ba7 26. Ra8 Bc5 27. Rdc8 Bd4 28. e3 Be5 29. Rd8 h5 30. Ra4 Nh7 31. h4 Nf6 32. Rc4 Bb8 33. Rcd4 Bc7 34. Rd2 Rb1+ 35. Rd1 Rb2 36. R8d2 Rb8 37. Rd4 Be5 38. Ra4 Rf8 39. Ra7 Rb8 40. Ra4 Rb2 41. Ra5 Bc7 42. Ra7 Be5 43. Rb7 Ra2 44. Rdb1 Rd2 45. Ra7 Rd8 46. Rbb7 Rf8 47. Re7 Kg8 48. Ra8 Rxa8 49. Bxa8 Kf8 50. Ra7 Ng4 51. Bc6 Bd6 52. Ra8+ Ke7 53. Ra7+ Kf6 54. Be8 Be7 55. Kf1 Nh6 56. Ke2 Bc5 57. Rc7 Bd6 58. Rb7 Be5 59. e4 Bd4 60. f3 e5 61. Kf1 Be3 62. Kg2 Bd2 63. Kh3 Be3 64. g4 hxg4+ 65. fxg4 g5 66. Rc7 Bf4 67. hxg5+ Bxg5 68. Rb7 Ke6 69. Bd7+ Kd6 70. Bf5 f6 71. Rd7+ Kc6 72. Rd1 Kc5 73. Kg3 Nf7 74. Kf3 Nd6 75. Rd5+ Kc6 76. Ke2 Kc7 77. Kd3 Kc6 78. Kc3 Nb5+ 79. Kb4 Nd4 80. Kc4 Bh4 81. Bg6 Bg5 82. Be8+ Kc7 83. Rd7+ Kb6 84. Kd5 Nb5 85. Bg6 Bh4 86. Bf5 Bg5 87. Rg7 Nc7+ 88. Rxc7 1/2-1/2